| 000 | 00957cam a2200289 4500 | ||
|---|---|---|---|
| 001 | 20255 | ||
| 005 | 20230410115746.0 | ||
| 008 | 060907s2004 sp spa | ||
| 020 | _a848452230X | ||
| 035 | _9funglode20407 | ||
| 041 | _aspa | ||
| 050 | 1 | 4 |
_aHJ 8899 _bM653c 2004 |
| 082 | 0 | 0 | _a336.3435 |
| 100 | 1 | _aMillet, Damien | |
| 245 | 1 | 0 |
_a50 Preguntas - 50 respuestas : _bsobre la deuda, el FMI y el Banco Mundial / _cDamien Millet, Eric Toussaint |
| 260 |
_aBarcelona : _bIcaria Editorial, _c2004 |
||
| 300 | _a284 p. | ||
| 440 | 0 |
_aEncuentro ; _v9 |
|
| 650 | 0 |
_aDebts, External _zDeveloping countries _vMiscellanea. |
|
| 610 | 2 | 0 |
_aInternational Monetary Fund _vMiscellanea. |
| 610 | 2 | 0 |
_aWorld Bank _vMiscellanea. |
| 650 | 4 |
_aDeuda externa _xPreguntas y respuestas |
|
| 610 | 2 | 4 |
_aFondo Monetario Internacional _xPreguntas y respuestas. |
| 610 | 2 | 4 |
_aBanco Mundial _xPreguntas y respuestas. |
| 700 | 1 | _aToussaint, Eric | |
| 942 |
_2lcc _cbk |
||
| 999 |
_c47430 _d47430 |
||